| 000 | 00529nam a2200145Ia 4500 | ||
|---|---|---|---|
| 005 | 20250203015738.0 | ||
| 008 | 240331s9999 xx 000 0 und d | ||
| 082 |
_bKNO _a954 |
||
| 100 | _aKnox, R | ||
| 245 | 0 |
_a Account of the captivity of Capt. Robert Knox, : _b and other englishment, in the island of Ceylon |
|
| 260 |
_aColombo _bM.D. Gunasena & Co., Ltd _c1818 |
||
| 300 | _aXi, 146 p ., | ||
| 500 | _aThis book is a reprint of a reprint made in 1908 by A,M, & J. Ferguson of the book as named on the title-page. | ||
| 942 | _cL | ||
| 999 |
_c4440 _d4440 |
||